000 00492nam a22001937a 4500
003 MPLRDC
005 20220104153700.0
008 210129b ||||| |||| 00| 0 eng d
020 _a981-4179-10-8
082 _a859.6 ZGR v.7
100 _a姜军硕, 阿蔚编文
245 _a天文医学
_c
250 _a初版
260 _a
_b小树苗教育出版社有限公司
_c2004
300 _b
490 _a中国人的智慧; 7
650 _a儿童知识
942 _cBK
_o859.6 ZGR v.7
999 _c53567
_d53557